01425nam a2200157 a 4500008004100000020001800041041000800059100003200067245005900099250001100158260004000169300002200209500010000231505092500331655001101256161215t2015 spa |||g ||| 001 1 spa d a9789500751735 aspa1 aGarcía Márquez, Gabriel 3aEl otoño del patriarca /cGabriel García Márquez a1a ed. aBuenos Aires:bSudamericana;c2015. a304 p.c19x13 cm. aGarcía Márquez, G. (2015). El otoño del patriarca. (1a. ed). Buenos Aires : Sudamericana. aGabriel García Márquez ha declarado una y otra vez que El otoño del patriarca es la novela en la que más trabajo y esfuerzo invirtió. En efecto, García Márquez ha construido una maquinaria narrativa perfecta que desgrana una historia universal -la agonía y muerte de un dictador- en forma cíclica, experimental y real al mismo tiempo, en seis bloques narrativos sin diálogos, sin puntos y aparte, repitiendo una anécdota siempre igual y siempre distinta, acumulando hechos y descripciones deslumbrantes. Novela escrita en Barcelona, entre 1968 y 1975, El otoño del patriarca deja asomar en su trasfondo el acontecimiento más importante de la historia española de aquellos años -la muerte del general Franco-, aunque su contexto y estilo sean, como siempre en este escritor, el de la asombrosa realidad latinoamericana que García Márquez ha elevado una vez más a la dignidad de mito.  aNovela